Statistics for Ciphered Country Names

Click here to take the quiz!

General Stats

  • This quiz has been taken 12 times
  • The average score is 10 of 12

Answer Stats

Hint Country % Correct
12 09 02 25 01Libya
92%
03 08 09 14 01China
92%
02 18 01 26 09 12Brazil
92%
07 08 01 14 01Ghana
92%
13 05 24 09 03 15Mexico
83%
06 18 01 14 03 05France
83%
16 01 14 01 13 01Panama
83%
14 05 16 01 12Nepal
83%
19 23 05 04 05 14Sweden
83%
10 15 18 04 01 14Jordan
75%
05 07 25 16 20Egypt
75%
14 01 21 18 21Nauru
75%

Score Distribution

Percentile by Number Answered

Percent of People with Each Score

Your Score History

You have not taken this quiz